000 00461nam a2200169Ia 4500
003 GCL
008 140319s9999 xx 000 0 eng d
040 _aGCL /
_cGCL
082 0 4 _a820.9
_bB A
100 1 _aBARNARD, ROBERT
245 1 0 _aA SHORT HISTORY OF ENGLISH LITERATURE /
_cBARNARD, ROBERT
260 _a[S.N] :
_bBLACKWELL PUBLISHERS ،
_c1984
300 _a218 P
650 0 4 _aENGLISH LITERATURE
650 0 4 _aHISTORY AND CRITICISM
942 _2ddc
_cBK
999 _c24647
_d24647